| 000 | 00566nam a2200241Ia 4500 | ||
|---|---|---|---|
| 003 | OSt | ||
| 005 | 20221005133516.0 | ||
| 006 | a|||||r|||| 00| 0 | ||
| 007 | ta | ||
| 008 | 221004b |||||||| |||| 00| 0 san d | ||
| 024 | _a40461 | ||
| 037 | _cTextual | ||
| 040 |
_aCRL _cCRL _bsan |
||
| 041 |
_2san _asan |
||
| 082 | _aR66x1,18, 155K2 | ||
| 100 | _aSankar | ||
| 245 | 0 | _aYogataravali | |
| 260 | _c1962 | ||
| 300 |
_a44p. _ccm. |
||
| 650 | _aPHILOSOPHY | ||
| 942 |
_hR66x1,18, 155K2 _cTEXL _2cc |
||
| 999 |
_c1067045 _d1067045 |
||